| 000 | 01916cam a2200409 i 4500 | ||
|---|---|---|---|
| 999 |
_c15249 _d15249 |
||
| 001 | 17521502 | ||
| 005 | 20200604122109.0 | ||
| 008 | 121107s2012 za b 100 0 eng d | ||
| 010 | _a 2012314495 | ||
| 020 | _a9780797438118 | ||
| 020 | _a0797438114 | ||
| 035 | _a(OCoLC)ocn842940504 | ||
| 040 |
_aOSU _beng _cOSU _erda _dOCLCO _dOCLCQ _dOCLCO _dDLC |
||
| 042 |
_alccopycat _alcode |
||
| 043 |
_afs----- _af------ |
||
| 050 | 0 | 0 |
_aHQ281 _b.F25 2011 |
| 245 | 0 | 0 |
_aFaith perspectives on migration and human trafficking / _cedited by David Kaulemu, Regional Co-ordinator for Eastern and Southern Africa, AFCAST. |
| 264 | 1 |
_aMount Pleasant, Harare, Zimbabwe : _bThe African Forum for Catholic Social Teaching (AFCAST), _c2012. |
|
| 300 |
_a112 pages ; _c21 cm |
||
| 336 |
_atext _btxt _2rdacontent |
||
| 337 |
_aunmediated _bn _2rdamedia |
||
| 338 |
_avolume _bnc _2rdacarrier |
||
| 500 | _a"AFCAST held its eighteenth workshop, focused on 'Migration and Human Trafficking in Southern Africa', at the Malawi Institute of Management in Lilongwe, Malawi, on 15 November 2011"--P. 1. | ||
| 504 | _aIncludes bibliographical references. | ||
| 650 | 0 |
_aHuman trafficking _zAfrica, Southern _vCongresses. |
|
| 650 | 0 |
_aHuman trafficking _zAfrica _vCongresses. |
|
| 650 | 0 |
_aHuman trafficking victims _xMigrations _vCongresses. |
|
| 650 | 0 |
_aChurch and social problems _zAfrica _vCongresses. |
|
| 651 | 0 |
_aAfrica _xEmigration and immigration _xReligious aspects _vCongresses. |
|
| 651 | 0 |
_aAfrica, Southern _xEmigration and immigration _xReligious aspects _vCongresses. |
|
| 700 | 1 |
_aKaulemu, David, _eeditor. |
|
| 710 | 2 |
_aAfrican Forum for Catholic Social Teachings, _esponsoring body. |
|
| 710 | 2 |
_aMalawi Institute of Management, _ehost institution. |
|
| 906 |
_a7 _bcbc _ccopycat _d3 _encip _f20 _gy-gencatlg |
||
| 942 |
_2lcc _cOS _hHQ281.F35 |
||